Loading...
| Social Science | 0 | 4 | 0 | 0 | 40 | 44 | 55.25 | 1 | 1 | 0.00 | 0.00 |
| Painting/Sculpture | 0 | 4 | 1 | 1 | 35 | 72 | 88.00 | 0 | 0 | 0.00 | 0.00 |
| Literature - European | 0 | 3 | 0 | 1 | 30 | 41 | 75.67 | 1 | 2 | 0.00 | 0.00 |
| Geography | 0 | 3 | 0 | 0 | 30 | 38 | 69.67 | 1 | 2 | 0.00 | 0.00 |
| Science - Chemistry | 0 | 3 | 0 | 1 | 30 | 76 | 91.67 | 0 | 0 | 0.00 | 0.00 |
| Literature - World | 0 | 2 | 0 | 0 | 20 | 96 | 101.00 | 0 | 0 | 0.00 | 0.00 |
| Fine Arts - Other | 0 | 2 | 0 | 1 | 20 | 68 | 83.50 | 0 | 1 | 0.00 | 0.00 |
| Literature - American | 0 | 2 | 0 | 0 | 20 | 73 | 87.50 | 0 | 2 | 0.00 | 0.00 |
| Science - Biology | 0 | 3 | 2 | 3 | 20 | 85 | 92.00 | 0 | 0 | 0.00 | 0.00 |
| History - American | 0 | 2 | 1 | 0 | 15 | 53 | 60.00 | 0 | 0 | 0.00 | 0.00 |
| Current Events | 0 | 1 | 0 | 0 | 10 | 24 | 24.00 | 0 | 1 | 0.00 | 0.00 |
| Literature - British | 0 | 1 | 0 | 0 | 10 | 37 | 37.00 | 1 | 1 | 0.00 | 0.00 |
| Pop Culture | 0 | 1 | 0 | 0 | 10 | 34 | 34.00 | 0 | 1 | 0.00 | 0.00 |
| Religion | 0 | 1 | 0 | 1 | 10 | 110 | 110.00 | 0 | 0 | 0.00 | 0.00 |
| Fine Arts - Classical Music | 0 | 1 | 0 | 0 | 10 | 86 | 86.00 | 0 | 0 | 0.00 | 0.00 |
| History - Other | 0 | 1 | 1 | 0 | 5 | 37 | 37.00 | 1 | 1 | 0.00 | 0.00 |
| Philosophy | 0 | 1 | 1 | 0 | 5 | 78 | 78.00 | 0 | 0 | 0.00 | 0.00 |
| Science - Other | 0 | 1 | 1 | 1 | 5 | 87 | 87.00 | 0 | 0 | 0.00 | 0.00 |
| History - World | 0 | 1 | 2 | 0 | 0 | 33 | 33.00 | 0 | 1 | 0.00 | 0.00 |
| Science - Physics | 0 | 0 | 2 | 0 | -10 | 0.00 | 0 | 0 | 0.00 | 0.00 |